[Event "Lemesos op"]
[Site "Lemesos"]
[Date "2000.05.26"]
[Round "6"]
[White "Nagar, Shmuel"]
[Black "Constantinou, Agathoclis"]
[Result "1-0"]
[WhiteElo "2066"]
[BlackElo "2070"]
[PlyCount "99"]
[EventDate "2000.05.21"]
[EventType "swiss"]
[EventRounds "7"]
[EventCountry "CYP"]
[SourceTitle "EXT 2003"]
[Source "ChessBase"]
[SourceDate "2002.11.25"]
[SourceVersion "1"]
[SourceVersionDate "2002.11.25"]
[SourceQuality "1"]

1. d4 Nf6 2. c4 e6 3. Nc3 Bb4 4. e3 b6 5. a3 Bxc3+ 6. bxc3 Bb7 7. f3 c5 8. Bd3 d6 9. Ne2 0-0 10. 0-0 Nc6 11. e4 h6 12. f4 e5 13. d5 Ne7 14. f5 b5 15. Ng3 bxc4 16. Bxc4 Nc8 17. Rb1 Nb6 18. Bd3 c4 19. Bc2 Rb8 20. Be3 Qc7 21. Nh5 Nbd7 22. Nxf6+ Nxf6 23. Bxa7 Ra8 24. Bb6 Qe7 25. a4 Nd7 26. Be3 Ba6 27. Rf3 Rfb8 28. Rb4 Kh7 29. Rh3 Qf8 30. Qh5 Nf6 31. Qh4 Ng8 32. g4 f6 33. Qf2 Qd8 34. Rg3 Qc7 35. h4 Rxb4 36. cxb4 c3 37. b5 Bxb5 38. axb5 Ra1+ 39. Kh2 Qc4 40. Rg1 Ra2 41. b6 Rb2 42. Rb1 Qa2 43. Rxb2 cxb2 44. Qf1 Qa1 45. Bb1 Qa3 46. Qd3 Qa5 47. Bf2 Qb4 48. Kg2 Ne7 49. Qc2 h5 50. g5 1-0